000 00693nam a2200181Ia 4500
008 100921s9999 xx 000 0 und d
082 _b42970
_a891.465 न 09
100 _aनलगे दिलिप.
245 _aसत्यशोधकांची भाषणे.
260 _bअजब पुस्तकालय,कोल्हापूर.
_c2009
300 _a248
_bजयेश एजन्सी,पुणे.
365 _b240
520 _aललित-भाषणे.
630 _aसत्यशोधकांची भाषणे.
650 _aललित-भाषणे.
730 _aसत्यशोधकांची भाषणे.
942 _cBOOK
999 _c792083
_d792080